000 00241nam a2200097Ia 4500
008 240625s9999 xx 000 0 und d
041 _aeng
082 _a808.20 MAT
100 _aMATHUR ROHIT
245 _aANALYSIS OF THE PROCESS OF IPO AT CHOICE
999 _c36515
_d36515